000 00709nam a2200229Ia 4500
001 16723
003 GE_BSU
008 181216s||||||||xx |||||||||||||| ||und||
040 _cGE_BSU
080 _a82-93:821.161.1-3
100 _aვასილენკო, ი.
245 _aვარსკვლავა
245 _bმოთხრობა
245 _cთარგმნა ფ. მელითაურმა. რედ.ვ.ჭელიძე
260 _aთბილისი
260 _bსაბლიტგამი
260 _c1953
300 _a104გვ. : ილ. ; 21სმ
653 _aვარსკვლავა
653 _aმოთხრობა
942 _cBK
999 _c49788
_d49788